Computational techniques for fluid dynamics
Saved in:
| Hovedforfatter: | |
|---|---|
| Format: | Bog |
| Sprog: | engelsk |
| Udgivet: |
Berlín
Springer
1988
|
| Serier: | Springer Series in Computational Physics
|
| Fag: | |
| Tags: |
Tilføj Tag
Ingen Tags, Vær først til at tagge denne postø!
|
MARC
| LEADER | 00000nam a2200000 a 4500 | ||
|---|---|---|---|
| 001 | UCW9485 | ||
| 003 | CL-VaPUC | ||
| 008 | 890427e19880000GW |||||||||||||||||eng|d | ||
| 082 | 0 | 4 | |a 532.05 |b FLE |2 21 |
| 100 | 0 | |a Fletcher, C. A |e author |9 314769 | |
| 245 | 1 | 0 | |a Computational techniques for fluid dynamics |
| 300 | |a 2 v | ||
| 942 | |c BK | ||
| 945 | |d 19890427 00:00:00 | ||
| 260 | |a Berlín |b Springer |c 1988 | ||
| 500 | |a v.1: Fundamental and general techniques | ||
| 500 | |a v.2: Specific techniques for different flow categories | ||
| 650 | 0 | |a Análisis numérico |9 259387 | |
| 650 | 0 | |a Dinámica de fluidos |9 260582 | |
| 583 | |a last modification |c 19890427 00:00:00 |k Rodrigo Vera | ||
| 490 | 0 | |a Springer Series in Computational Physics | |
| 999 | |c 221447 |d 221445 | ||
| 952 | |0 0 |1 0 |4 0 |6 532_050000000000000_FLE_1988 |7 0 |8 A |9 214785 |a BIBCUR |b BIBCUR |d 2019-11-15 |h v.1 |i 3177742 |o 532.05 FLE 1988 |p 3177742 |r 2025-04-22 |w 2019-11-15 |y BK |k FIS | ||
| 952 | |0 0 |1 0 |4 0 |6 532_050000000000000_FLE_1988 |7 0 |8 A |9 214786 |a BIBCUR |b BIBCUR |d 2019-11-15 |h v.2 |i 317784K |o 532.05 FLE 1988 |p 317784K |r 2025-04-22 |w 2019-11-15 |y BK |k FIS | ||